Star Trek characters - Statistics

General Stats
  • This quiz has been taken 105 times
  • The average score is 12 of 20
Answer Stats
Hint Answer % Correct
1. The Captain James T. Kirk
100%
3. Science Officer Spock
100%
4. Ship's Doctor Leonard McCoy
98%
5. Chief Engineer Montgomery Scott
97%
7. Helmsman Hikaru Sulu
92%
6. Communications Officer Nyota Uhura
89%
8. Navigator Pavel Chekov
88%
2. Captain before him Christopher Pike
82%
9. Nurse Christine Chapel
67%
11. Father of #3 Sarek
65%
12. Thief, swindler, and con-man Harcourt Fenton Mudd
62%
10. Yeoman (season one) Janice Rand
56%
15. Commodore whose ship was destroyed by the planet killer Matt Decker
33%
13. Godlike being, still a child Trelane
27%
17. Klingon commander who nearly took over the Enterprise Kang
26%
16. Betrothed to #3 T'Pring
24%
19. Klingon commander whose ship was filled with Tribbles Koloth
23%
18. Klingon commander who tried to conquer planet Organia Kor
23%
14. Merchant who sold Tribbles Cyrano Jones
11%
20. Last survivor of a crash on Talos IV Vina
8%
No matching quizzes found
Score Distribution
Percent of People with Each Score
Percentile by Number Answered
Your Score History
You have not taken this quiz